00502nmm a2200133Ia 4500008004100000020001800041041000800059100003500067245009400102264006000196300001800256650004300274856005100317251105s9999||||xx |||||||||||||||||und|| a9789587842135 aspa aGaitán Barrero, Clara Helena 0aLos rojos y los azules: La violencia de la polarización bipartidista, Pacho (1930-1956) a[Bogotá, Colombia] :bUniversidad del Rosario, c2019 a372 páginas aHistory of the Americas: Latin America uhttps://public.digitaliapublishing.com/a/60565